| 000 | 01905nam a2200457Ii 4500 | ||
|---|---|---|---|
| 001 | DIGOLEJNK0684 | ||
| 003 | NyNyDIG | ||
| 006 | m o d | ||
| 007 | cr ||||||||||| | ||
| 008 | 221018s2019 cl ob 000 0 spa d | ||
| 035 | _a(OCoLC)1350507330 | ||
| 040 |
_aDGITA _beng _erda _epn _cDGITA |
||
| 020 | _z9789563925753 | ||
| 043 | _ae-it--- | ||
| 050 | 1 | 4 | _aKKH700 ebook |
| 100 | 1 |
_aBonfante, Pietro, _d1864-1932, _eauthor. |
|
| 245 | 1 | 4 |
_aLas relaciones de vecindad / _cPietro Bonfante ; edición al cuidado de Carlos Antonio Agurto Gonzáles, Sonia Lidia Quequejana Mamani, Benigno Choque Cuenca ; traducción de Alfonso García Valdecasas. |
| 264 | 1 |
_aSantiago, Chile : _bEdiciones Olejnik, _c[2019] |
|
| 300 | _a1 online resource. | ||
| 336 |
_atext _btxt _2rdacontent |
||
| 337 |
_acomputer _bc _2rdamedia |
||
| 338 |
_aonline resource _bcr _2rdacarrier |
||
| 347 |
_atext file _2rdaft |
||
| 347 | _bPDF | ||
| 490 | 1 | _aBiblioteca de derecho privado | |
| 504 | _aIncludes bibliographical references. | ||
| 588 | 0 | _aOnline resource; title from PDF title page (Digitalia, viewed October 18, 2022) | |
| 650 | 0 |
_aAdjoining landowners _zItaly. |
|
| 655 | 0 | _aElectronic books. | |
| 700 | 1 |
_aAgurto Gonzáles, Carlos Antonio, _eeditor. |
|
| 700 | 1 |
_aQuequejana Mamani, Sonia Lidia, _eeditor. |
|
| 700 | 1 |
_aChoque Cuenca, Benigno, _eeditor. |
|
| 700 | 1 |
_aGarcía Valdecasas, Alfonso, _etranslator. |
|
| 791 | 2 |
_aDigitalia (Firm), _edistributor. |
|
| 793 | 0 |
_gDigitalia eBook Collection: _aEdiciones Olejnik |
|
| 776 | 0 | 8 |
_iPrint version: _aBonfante, Pietro, 1864-1932. _tRelaciones de vecindad. _bPrimera edición en Ediciones Olejnik. _dSantiago, Chile : Ediciones Olejnik, 2019 _z9789563925753 |
| 830 | 0 | _aBiblioteca de derecho privado. | |
| 856 | 4 | 0 |
_3Digitalia Hispánica _uhttps://www.digitaliapublishing.com/a/104668/ |
| 910 | _aPremium collection: 2022 | ||
| 942 | _cRAA | ||
| 999 |
_c270617 _d270617 |
||